[Event "2019 Welsh Chess Championship"]
[Site "Cardiff"]
[Date "2019.04.20"]
[Round "3.1"]
[White "Kett, Tim"]
[Black "Sands, David A"]
[Result "1/2-1/2"]
[WhiteElo "2197"]
[BlackElo "2109"]
[PlyCount "55"]
[EventDate "2019.04.19"]
[EventType "swiss"]
[EventRounds "7"]
[EventCountry "WLS"]

1. e4 {[%emt 0:03:33]} c5 {[%emt 0:00:07]} 2. Nf3 {[%emt 0:00:20]} e6 {[%emt 0:
00:11]} 3. d4 {[%emt 0:00:12]} cxd4 {[%emt 0:00:10]} 4. Nxd4 {[%emt 0:00:06]}
Nc6 {[%emt 0:00:02]} 5. Nc3 {[%emt 0:00:15]} Qc7 {[%emt 0:00:05]} 6. Be2 {
[%emt 0:01:02]} a6 {[%emt 0:00:10]} 7. Be3 {[%emt 0:00:35]} Nf6 {[%emt 0:00:40]
} 8. O-O {[%emt 0:00:16]} Be7 {[%emt 0:00:18]} 9. f4 {[%emt 0:05:46]} d6 {
[%emt 0:00:15]} 10. Kh1 {[%emt 0:06:31]} O-O {[%emt 0:00:16]} 11. Bf3 {[%emt 0:
03:30]} Re8 {[%emt 0:29:56]} 12. Qd2 {[%emt 0:06:52]} Nxd4 {[%emt 0:08:57]} 13.
Bxd4 {[%emt 0:00:22]} e5 {[%emt 0:00:19]} 14. Be3 {[%emt 0:01:03]} b5 {[%emt 0:
00:13]} 15. a4 {[%emt 0:07:39]} b4 {[%emt 0:00:34]} 16. Nd5 {[%emt 0:00:23]}
Nxd5 {[%emt 0:00:43]} 17. exd5 {[%emt 0:00:14]} exf4 {[%emt 0:08:52]} 18. Bxf4
{[%emt 0:01:49]} a5 {[%emt 0:00:09]} 19. Rae1 {[%emt 0:09:46]} Bd7 {[%emt 0:11:
30]} 20. b3 {[%emt 0:08:57]} Bf6 {[%emt 0:00:52]} 21. Re4 {[%emt 0:01:24]} Rxe4
{[%emt 0:02:24]} 22. Bxe4 {[%emt 0:00:07]} Re8 {[%emt 0:01:23]} 23. Qd3 {
[%emt 0:02:52]} g6 {[%emt 0:01:33]} 24. Bg3 {[%emt 0:00:31]} Be5 {[%emt 0:00:
47]} 25. Qf3 {[%emt 0:02:54]} f5 {[%emt 0:05:08]} 26. Bd3 {[%emt 0:00:14]} Bxg3
{[%emt 0:00:33]} 27. Qxg3 {[%emt 0:01:22]} Re5 {[%emt 0:00:14]} 28. h4 {
[%emt 0:34:39]} 1/2-1/2

[Event "2019 Welsh Chess Championship"]
[Site "Cardiff"]
[Date "2019.04.20"]
[Round "3.2"]
[White "Bullen, Alex"]
[Black "Mcgregor, John"]
[Result "1/2-1/2"]
[WhiteElo "2100"]
[BlackElo "1856"]
[PlyCount "111"]
[EventDate "2019.04.19"]
[EventType "swiss"]
[EventRounds "7"]
[EventCountry "WLS"]

1. d4 {[%emt 0:00:03]} d5 {[%emt 0:00:08]} 2. Bf4 {[%emt 0:00:07]} Nf6 {
[%emt 0:04:00]} 3. e3 {[%emt 0:00:08]} Bf5 {[%emt 0:02:21]} 4. c4 {[%emt 0:00:
36]} e6 {[%emt 0:02:35]} 5. Nc3 {[%emt 0:03:18]} Bd6 {[%emt 0:03:25]} 6. Bg3 {
[%emt 0:01:22]} Bxg3 {[%emt 0:04:57]} 7. hxg3 {[%emt 0:00:09]} c6 {[%emt 0:03:
01]} 8. Bd3 {[%emt 0:05:17]} Bxd3 {[%emt 0:01:57]} 9. Qxd3 {[%emt 0:00:09]}
Nbd7 {[%emt 0:04:11]} 10. Nf3 {[%emt 0:05:38]} Qa5 {[%emt 0:02:50]} 11. Nd2 {
[%emt 0:06:24]} O-O-O {[%emt 0:01:04]} 12. O-O-O {[%emt 0:11:11]} h6 {[%emt 0:
09:53]} 13. Kb1 {[%emt 0:03:38]} Kb8 {[%emt 0:05:27]} 14. Rc1 {[%emt 0:06:57]}
Qc7 {[%emt 0:08:02]} 15. cxd5 {[%emt 0:01:28]} Nxd5 {[%emt 0:09:16]} 16. Nxd5 {
[%emt 0:11:02]} exd5 {[%emt 0:00:06]} 17. Rh4 {[%emt 0:00:43]} g5 {[%emt 0:05:
06]} 18. Rh2 {[%emt 0:06:00]} Qd6 {[%emt 0:00:19]} 19. Rch1 {[%emt 0:00:49]}
Rdg8 {[%emt 0:01:03]} 20. Qf5 {[%emt 0:03:09]} Qg6 {[%emt 0:01:39]} 21. Qxg6 {
[%emt 0:09:16]} Rxg6 {[%emt 0:00:15]} 22. g4 {[%emt 0:00:15]} Nf6 {[%emt 0:03:
07]} 23. f3 {[%emt 0:00:09]} Ng8 {[%emt 0:01:51]} 24. Nf1 {[%emt 0:00:22]} Re6
{[%emt 0:02:19]} 25. Rh5 {[%emt 0:01:30]} f6 {[%emt 0:02:45]} 26. Kc2 {[%emt 0:
00:17]} Rh7 {[%emt 0:01:07]} 27. Kd3 {[%emt 0:02:54]} Rhe7 {[%emt 0:00:13]} 28.
R5h3 {[%emt 0:00:36]} a5 {[%emt 0:02:38]} 29. g3 {[%emt 0:00:47]} Kc7 {[%emt 0:
02:00]} 30. R3h2 {[%emt 0:00:25]} Kd6 {[%emt 0:02:41]} 31. Re2 {[%emt 0:00:53]}
c5 {[%emt 0:01:03]} 32. dxc5+ {[%emt 0:00:30]} Kxc5 {[%emt 0:00:12]} 33. Nd2 {
[%emt 0:00:49]} a4 {[%emt 0:03:35]} 34. Rc1+ {[%emt 0:00:40]} Kd6 {[%emt 0:00:
43]} 35. Nb1 {[%emt 0:01:05]} b5 {[%emt 0:01:42]} 36. Kd4 {[%emt 0:03:57]} Rb7
{[%emt 0:00:21]} 37. Rec2 {[%emt 0:02:15]} Ne7 {[%emt 0:00:20]} 38. e4 {
[%emt 0:03:16]} dxe4 {[%emt 0:01:01]} 39. fxe4 {[%emt 0:00:07]} Rb6 {[%emt 0:
02:10]} 40. Rh2 {[%emt 0:03:54]} Nc6+ {[%emt 0:00:31]} 41. Ke3 {[%emt 0:03:05]}
Ne5 {[%emt 0:00:34]} 42. Rd2+ {[%emt 0:03:43]} Ke7 {[%emt 0:00:34]} 43. Rc7+ {
[%emt 0:00:32]} Kf8 {[%emt 0:04:09]} 44. Rd8+ {[%emt 0:03:56]} Re8 {[%emt 0:00:
21]} 45. Rd5 {[%emt 0:00:59]} Nxg4+ {[%emt 0:15:24]} 46. Kd4 {[%emt 0:00:21]}
Rbe6 {[%emt 0:01:26]} 47. Nd2 {[%emt 0:00:08]} Nf2 {[%emt 0:00:41]} 48. Rxb5 {
[%emt 0:01:46]} Nxe4 {[%emt 0:01:12]} 49. Nxe4 {[%emt 0:03:11]} Rxe4+ {[%emt 0:
00:12]} 50. Kd3 {[%emt 0:00:05]} R8e7 {[%emt 0:01:31]} 51. Rxe7 {[%emt 0:02:13]
} Rxe7 {[%emt 0:00:08]} 52. Ra5 {[%emt 0:01:09]} Rb7 {[%emt 0:01:21]} 53. Kc3 {
[%emt 0:00:05]} Rc7+ {[%emt 0:00:11]} 54. Kd3 {[%emt 0:00:26]} Rd7+ {[%emt 0:
00:06]} 55. Kc3 {[%emt 0:00:46]} Rc7+ {[%emt 0:00:06]} 56. Kd3 {[%emt 0:01:10]}
1/2-1/2

[Event "2019 Welsh Chess Championship"]
[Site "Cardiff"]
[Date "2019.04.20"]
[Round "3.3"]
[White "Garcia, Jason"]
[Black "Jameson, David"]
[Result "1/2-1/2"]
[WhiteElo "2024"]
[BlackElo "2081"]
[PlyCount "53"]
[EventDate "2019.04.19"]
[EventType "swiss"]
[EventRounds "7"]
[EventCountry "WLS"]

1. e4 e5 {[%emt 0:00:04]} 2. Nf3 {[%emt 0:00:04]} Nc6 {[%emt 0:00:03]} 3. d4 {
[%emt 0:00:05]} exd4 {[%emt 0:00:04]} 4. Nxd4 {[%emt 0:00:05]} Nf6 {[%emt 0:00:
04]} 5. Nc3 {[%emt 0:00:05]} Bb4 {[%emt 0:00:05]} 6. Nxc6 {[%emt 0:00:08]} bxc6
{[%emt 0:00:03]} 7. Bd3 {[%emt 0:00:08]} d5 {[%emt 0:00:06]} 8. exd5 {[%emt 0:
00:04]} cxd5 {[%emt 0:00:04]} 9. O-O {[%emt 0:00:07]} O-O {[%emt 0:00:05]} 10.
Bg5 {[%emt 0:00:05]} c6 {[%emt 0:00:08]} 11. Na4 {[%emt 0:00:10]} Rb8 {[%emt 0:
08:00]} 12. c4 {[%emt 0:00:07]} Be6 {[%emt 0:04:00]} 13. cxd5 {[%emt 0:02:13]}
Bxd5 {[%emt 0:00:35]} 14. Qc2 {[%emt 0:00:33]} h6 {[%emt 0:01:09]} 15. Bh4 {
[%emt 0:00:31]} Re8 {[%emt 0:09:27]} 16. Nc3 {[%emt 0:08:21]} Be7 {[%emt 0:09:
28]} 17. Bg3 {[%emt 0:16:56]} Bd6 {[%emt 0:02:12]} 18. Rad1 {[%emt 0:06:43]}
Bxg3 {[%emt 0:00:46]} 19. hxg3 {[%emt 0:00:04]} Qb6 {[%emt 0:00:47]} 20. b3 {
[%emt 0:01:31]} Re5 {[%emt 0:08:45]} 21. Rfe1 {[%emt 0:04:42]} Rbe8 {[%emt 0:
01:25]} 22. Rxe5 {[%emt 0:06:19]} Rxe5 {[%emt 0:00:04]} 23. Nxd5 {[%emt 0:02:
45]} cxd5 {[%emt 0:11:30]} 24. Qd2 {[%emt 0:09:27]} Qe6 {[%emt 0:15:59]} 25.
Qa5 {[%emt 0:03:51]} Qe7 {[%emt 0:04:53]} 26. Rc1 {[%emt 0:03:04]} g6 {[%emt 0:
02:39]} 27. Qd2 {[%emt 0:17:53]} 1/2-1/2

[Event "2019 Welsh Chess Championship"]
[Site "Cardiff"]
[Date "2019.04.20"]
[Round "3.4"]
[White "Van Kemenade, Rudy"]
[Black "Camp, Imogen A L"]
[Result "0-1"]
[WhiteElo "1925"]
[BlackElo "1827"]
[PlyCount "80"]
[EventDate "2019.04.19"]
[EventType "swiss"]
[EventRounds "7"]
[EventCountry "WLS"]

1. e4 {[%emt 0:00:01]} e5 {[%emt 0:00:10]} 2. Nf3 {[%emt 0:00:06]} Nc6 {
[%emt 0:00:07]} 3. Bb5 {[%emt 0:00:04]} a6 {[%emt 0:00:05]} 4. Ba4 {[%emt 0:00:
05]} Nf6 {[%emt 0:00:09]} 5. O-O {[%emt 0:00:07]} Be7 {[%emt 0:00:15]} 6. Bxc6
{[%emt 0:00:07]} dxc6 {[%emt 0:02:17]} 7. Nc3 {[%emt 0:00:10]} Bg4 {[%emt 0:08:
19]} 8. h3 {[%emt 0:03:35]} Bxf3 {[%emt 0:01:47]} 9. Qxf3 {[%emt 0:00:23]} O-O
{[%emt 0:01:21]} 10. d3 {[%emt 0:00:19]} Nd7 {[%emt 0:05:47]} 11. Qg3 {[%emt 0:
00:51]} Kh8 {[%emt 0:08:12]} 12. f4 {[%emt 0:01:51]} Bd6 {[%emt 0:03:35]} 13.
fxe5 {[%emt 0:01:12]} Bxe5 {[%emt 0:01:10]} 14. Bf4 {[%emt 0:00:12]} Qe7 {
[%emt 0:05:33]} 15. Bxe5 {[%emt 0:00:07]} Qxe5 {[%emt 0:00:53]} 16. Qg4 {
[%emt 0:00:16]} Nf6 {[%emt 0:02:32]} 17. Qe2 {[%emt 0:00:08]} Rad8 {[%emt 0:04:
17]} 18. Rf5 {[%emt 0:00:41]} Qd4+ {[%emt 0:02:42]} 19. Qf2 {[%emt 0:00:07]}
Qxf2+ {[%emt 0:01:38]} 20. Rxf2 {[%emt 0:01:23]} Nd7 {[%emt 0:03:49]} 21. Raf1
{[%emt 0:00:07]} f6 {[%emt 0:00:57]} 22. g4 {[%emt 0:01:42]} Rfe8 {[%emt 0:02:
43]} 23. Ne2 {[%emt 0:01:21]} c5 {[%emt 0:03:02]} 24. b3 {[%emt 0:00:58]} b5 {
[%emt 0:01:30]} 25. Rf5 {[%emt 0:01:03]} Re5 {[%emt 0:07:54]} 26. g5 {[%emt 0:
00:54]} Rde8 {[%emt 0:01:24]} 27. gxf6 {[%emt 0:00:27]} Nxf6 {[%emt 0:00:16]}
28. Ng3 {[%emt 0:00:50]} Kg8 {[%emt 0:02:06]} 29. Rxe5 {[%emt 0:01:29]} Rxe5 {
[%emt 0:00:06]} 30. Rf5 {[%emt 0:00:06]} Rxf5 {[%emt 0:00:46]} 31. Nxf5 {
[%emt 0:00:07]} Kf7 {[%emt 0:00:15]} 32. Kf2 {[%emt 0:00:20]} g6 {[%emt 0:01:
57]} 33. Ng3 {[%emt 0:00:09]} Ke6 {[%emt 0:00:23]} 34. Ke3 {[%emt 0:00:06]} b4
{[%emt 0:02:22]} 35. Nf1 {[%emt 0:01:38]} Ne8 {[%emt 0:07:25]} 36. Nd2 {
[%emt 0:00:36]} Nd6 {[%emt 0:00:33]} 37. Nf3 {[%emt 0:00:25]} h6 {[%emt 0:00:
35]} 38. d4 {[%emt 0:00:53]} cxd4+ {[%emt 0:01:53]} 39. Nxd4+ {[%emt 0:00:07]}
Kd7 {[%emt 0:01:28]} 40. e5 {[%emt 0:00:19]} Nf5+ {[%emt 0:10:39]} 0-1

[Event "2019 Welsh Chess Championship"]
[Site "Cardiff"]
[Date "2019.04.20"]
[Round "3.5"]
[White "Rathbone-Jones, Ifan"]
[Black "Brown, Thomas"]
[Result "0-1"]
[WhiteElo "1854"]
[BlackElo "2079"]
[PlyCount "118"]
[EventDate "2019.04.19"]
[EventType "swiss"]
[EventRounds "7"]
[EventCountry "WLS"]

1. d4 g6 {[%emt 0:00:55]} 2. e4 {[%emt 0:00:22]} Bg7 {[%emt 0:00:06]} 3. c4 {
[%emt 0:00:08]} Nc6 {[%emt 0:01:16]} 4. Nf3 {[%emt 0:02:14]} e5 {[%emt 0:01:22]
} 5. d5 {[%emt 0:00:06]} Nd4 {[%emt 0:00:18]} 6. Nxd4 {[%emt 0:01:46]} exd4 {
[%emt 0:00:06]} 7. Bd3 {[%emt 0:00:39]} c5 {[%emt 0:03:24]} 8. Bd2 {[%emt 0:05:
15]} d6 {[%emt 0:02:44]} 9. Na3 {[%emt 0:09:23]} Nh6 {[%emt 0:03:51]} 10. Qc1 {
[%emt 0:03:40]} Ng4 {[%emt 0:01:27]} 11. h3 {[%emt 0:01:38]} Ne5 {[%emt 0:01:
45]} 12. Qb1 {[%emt 0:02:24]} Nxd3+ {[%emt 0:02:09]} 13. Qxd3 {[%emt 0:00:02]}
f5 {[%emt 0:02:15]} 14. f3 {[%emt 0:02:41]} Qh4+ {[%emt 0:04:03]} 15. Kd1 {
[%emt 0:00:07]} a6 {[%emt 0:04:53]} 16. Kc2 {[%emt 0:02:19]} O-O {[%emt 0:02:
49]} 17. Rae1 {[%emt 0:05:26]} fxe4 {[%emt 0:04:03]} 18. fxe4 {[%emt 0:00:15]}
Bd7 {[%emt 0:04:27]} 19. Rhf1 {[%emt 0:02:32]} Rae8 {[%emt 0:04:12]} 20. Rxf8+
{[%emt 0:04:50]} Rxf8 {[%emt 0:01:19]} 21. b3 {[%emt 0:09:38]} g5 {[%emt 0:12:
07]} 22. Re2 {[%emt 0:06:30]} g4 {[%emt 0:06:04]} 23. Be1 {[%emt 0:01:25]} Qe7
{[%emt 0:00:39]} 24. h4 {[%emt 0:09:44]} Bf6 {[%emt 0:02:33]} 25. g3 {[%emt 0:
00:13]} Be8 {[%emt 0:04:14]} 26. Qd2 {[%emt 0:05:40]} Bg7 {[%emt 0:03:06]} 27.
Qg5 {[%emt 0:04:58]} Qxg5 {[%emt 0:01:43]} 28. hxg5 {[%emt 0:00:12]} Rf3 {
[%emt 0:04:20]} 29. Rf2 {[%emt 0:05:28]} d3+ {[%emt 0:04:38]} 30. Kd2 {[%emt 0:
01:50]} Bd4 {[%emt 0:00:13]} 31. Rxf3 {[%emt 0:05:11]} gxf3 {[%emt 0:00:13]}
32. Kxd3 {[%emt 0:00:01]} f2 {[%emt 0:00:36]} 33. Bxf2 {[%emt 0:00:12]} Bxf2 {
[%emt 0:00:07]} 34. g4 {[%emt 0:01:04]} Bh4 {[%emt 0:02:25]} 35. Ke2 {[%emt 0:
01:41]} Bxg5 {[%emt 0:00:53]} 36. Nc2 {[%emt 0:00:13]} Bd7 {[%emt 0:01:26]} 37.
Kf3 {[%emt 0:00:10]} Bd2 {[%emt 0:00:42]} 38. Ke2 {[%emt 0:01:29]} Bh6 {
[%emt 0:03:23]} 39. Kf3 {[%emt 0:00:02]} Kf7 {[%emt 0:00:24]} 40. Ne1 {[%emt 0:
02:01]} Kf6 {[%emt 0:00:24]} 41. Nd3 {[%emt 0:00:50]} Kg5 {[%emt 0:00:39]} 42.
e5 {[%emt 0:01:41]} Bxg4+ {[%emt 0:00:41]} 43. Kg3 Bf5 {[%emt 0:04:30]} 44.
exd6 {[%emt 0:00:35]} Bf8 {[%emt 0:00:36]} 45. d7 {[%emt 0:02:16]} Bxd7 {
[%emt 0:00:28]} 46. Kf3 {[%emt 0:03:41]} Bd6 {[%emt 0:00:39]} 47. b4 {[%emt 0:
00:55]} b6 {[%emt 0:01:10]} 48. bxc5 {[%emt 0:00:19]} bxc5 {[%emt 0:00:10]} 49.
Nc1 {[%emt 0:03:54]} h5 {[%emt 0:02:11]} 50. Nb3 {[%emt 0:00:17]} h4 {[%emt 0:
00:33]} 51. Na5 {[%emt 0:01:31]} Bc8 {[%emt 0:02:47]} 52. Nb3 {[%emt 0:00:24]}
Bg4+ {[%emt 0:00:35]} 53. Kf2 {[%emt 0:00:11]} h3 {[%emt 0:01:38]} 54. Nd2 {
[%emt 0:00:07]} Kf4 {[%emt 0:00:56]} 55. a4 {[%emt 0:01:17]} h2 {[%emt 0:00:40]
} 56. Kg2 {[%emt 0:00:05]} Ke3 {[%emt 0:00:24]} 57. Nf1+ {[%emt 0:00:59]} Kd3 {
[%emt 0:00:26]} 58. Nd2 {[%emt 0:01:09]} Kxd2 {[%emt 0:00:29]} 59. a5 {[%emt 0:
00:03]} Ke2 {[%emt 0:00:46]} 0-1

[Event "2019 Welsh Chess Championship"]
[Site "Cardiff"]
[Date "2019.04.20"]
[Round "3.6"]
[White "Yeo, Gareth"]
[Black "Pleasants, Allan J"]
[Result "1/2-1/2"]
[WhiteElo "1963"]
[BlackElo "2075"]
[PlyCount "45"]
[EventDate "2019.04.19"]
[EventType "swiss"]
[EventRounds "7"]
[EventCountry "WLS"]

1. d4 {[%emt 0:02:58]} d6 {[%emt 0:00:11]} 2. c4 {[%emt 0:00:31]} e5 {[%emt 0:
00:21]} 3. Nf3 {[%emt 0:00:05]} e4 {[%emt 0:03:42]} 4. Ng5 {[%emt 0:00:38]} f5
{[%emt 0:02:34]} 5. Nc3 {[%emt 0:00:45]} Be7 {[%emt 0:03:13]} 6. Nh3 {[%emt 0:
00:19]} Nf6 {[%emt 0:00:47]} 7. g3 {[%emt 0:00:24]} c6 {[%emt 0:04:26]} 8. Bg2
{[%emt 0:00:05]} Na6 {[%emt 0:02:03]} 9. b3 {[%emt 0:05:30]} b5 {[%emt 0:06:37]
} 10. O-O {[%emt 0:02:05]} Rb8 {[%emt 0:07:14]} 11. Bf4 {[%emt 0:10:43]} bxc4 {
[%emt 0:06:51]} 12. bxc4 {[%emt 0:00:09]} Rb4 {[%emt 0:00:55]} 13. d5 {[%emt 0:
10:29]} Rxc4 {[%emt 0:03:00]} 14. Qd2 {[%emt 0:00:09]} Nc7 {[%emt 0:14:38]} 15.
dxc6 {[%emt 0:03:04]} Rxc6 {[%emt 0:00:25]} 16. Rfd1 {[%emt 0:00:48]} O-O {
[%emt 0:04:31]} 17. Be3 {[%emt 0:01:56]} Qd7 {[%emt 0:07:44]} 18. Bxa7 {
[%emt 0:00:59]} d5 {[%emt 0:01:42]} 19. Bd4 {[%emt 0:00:41]} Ne6 {[%emt 0:04:
21]} 20. Nb5 {[%emt 0:04:50]} Rc4 {[%emt 0:02:36]} 21. Rab1 {[%emt 0:00:24]}
Nxd4 {[%emt 0:02:11]} 22. Nxd4 {[%emt 0:00:20]} Bc5 {[%emt 0:06:27]} 23. e3 {
[%emt 0:00:51]} 1/2-1/2

[Event "2019 Welsh Chess Championship"]
[Site "Cardiff"]
[Date "2019.04.20"]
[Round "3.7"]
[White "Heaven, Pete"]
[Black "Guha, Chirag"]
[Result "1-0"]
[WhiteElo "2017"]
[BlackElo "1941"]
[PlyCount "101"]
[EventDate "2019.04.19"]
[EventType "swiss"]
[EventRounds "7"]
[EventCountry "WLS"]

1. e4 {[%emt 0:01:42]} e5 {[%emt 0:03:48]} 2. Nf3 {[%emt 0:00:12]} Nc6 {
[%emt 0:00:39]} 3. Bb5 {[%emt 0:00:16]} Nge7 {[%emt 0:00:14]} 4. Nc3 {[%emt 0:
00:56]} g6 {[%emt 0:00:13]} 5. d4 {[%emt 0:00:11]} exd4 {[%emt 0:00:59]} 6. Nd5
{[%emt 0:00:22]} Nxd5 {[%emt 0:11:07]} 7. exd5 {[%emt 0:00:32]} Qe7+ {[%emt 0:
02:55]} 8. Kf1 {[%emt 0:00:07]} Ne5 {[%emt 0:06:30]} 9. Qxd4 {[%emt 0:01:01]}
Bg7 {[%emt 0:05:30]} 10. Bf4 {[%emt 0:01:24]} f6 {[%emt 0:02:00]} 11. Re1 {
[%emt 0:00:16]} O-O {[%emt 0:02:44]} 12. Nxe5 {[%emt 0:01:12]} fxe5 {[%emt 0:
01:05]} 13. Bxe5 {[%emt 0:00:11]} Bxe5 {[%emt 0:11:40]} 14. Rxe5 {[%emt 0:00:
16]} Qf6 {[%emt 0:03:52]} 15. d6 {[%emt 0:00:31]} cxd6 {[%emt 0:01:17]} 16.
Bc4+ {[%emt 0:08:12]} Kh8 {[%emt 0:01:37]} 17. Rd5 {[%emt 0:00:17]} b5 {
[%emt 0:05:41]} 18. Bd3 {[%emt 0:08:57]} Bb7 {[%emt 0:03:15]} 19. Rxd6 {
[%emt 0:00:36]} Qxd4 {[%emt 0:01:57]} 20. Rxd4 {[%emt 0:00:06]} Bc6 {[%emt 0:
00:09]} 21. h4 {[%emt 0:02:41]} Rf6 {[%emt 0:03:34]} 22. f3 {[%emt 0:08:43]}
Re8 {[%emt 0:07:33]} 23. Kf2 {[%emt 0:05:46]} Rfe6 {[%emt 0:01:38]} 24. Rd1 {
[%emt 0:00:53]} Re5 {[%emt 0:02:01]} 25. Be4 {[%emt 0:09:43]} d5 {[%emt 0:03:
16]} 26. Bxd5 {[%emt 0:02:57]} Re2+ {[%emt 0:00:54]} 27. Kg3 {[%emt 0:00:08]}
Rxc2 {[%emt 0:02:58]} 28. Bxc6 {[%emt 0:00:46]} Rxc6 {[%emt 0:01:00]} 29. Rd7 {
[%emt 0:04:27]} a6 {[%emt 0:00:27]} 30. Ra7 {[%emt 0:05:02]} Rc2 {[%emt 0:00:
46]} 31. Rdd7 {[%emt 0:01:13]} Rxb2 {[%emt 0:01:39]} 32. Rxa6 {[%emt 0:00:13]}
b4 {[%emt 0:00:43]} 33. Raa7 {[%emt 0:00:12]} Rc8 {[%emt 0:01:11]} 34. Rxh7+ {
[%emt 0:00:47]} Kg8 {[%emt 0:00:06]} 35. Rhb7 {[%emt 0:02:00]} Kh8 {[%emt 0:00:
59]} 36. Ra4 {[%emt 0:01:30]} Rd2 {[%emt 0:00:41]} 37. Raa7 {[%emt 0:03:07]}
Rb2 {[%emt 0:00:43]} 38. Kh3 {[%emt 0:01:40]} Rd8 {[%emt 0:00:32]} 39. Rh7+ {
[%emt 0:00:46]} Kg8 {[%emt 0:00:08]} 40. Rhg7+ {[%emt 0:00:07]} Kf8 {[%emt 0:
00:39]} 41. Rxg6 {[%emt 0:00:21]} Rdd2 {[%emt 0:00:06]} 42. Rb6 {[%emt 0:00:09]
} Rd8 {[%emt 0:00:10]} 43. Rbb7 {[%emt 0:01:43]} Re8 {[%emt 0:00:24]} 44. Ra4 {
[%emt 0:01:24]} Rd2 {[%emt 0:00:17]} 45. Rbxb4 {[%emt 0:01:07]} Ree2 {[%emt 0:
00:09]} 46. Ra7 {[%emt 0:00:28]} Re8 {[%emt 0:00:24]} 47. Rbb7 {[%emt 0:00:46]}
Rde2 {[%emt 0:00:14]} 48. a4 {[%emt 0:00:12]} R2e7 {[%emt 0:00:11]} 49. Rxe7 {
[%emt 0:00:08]} Rxe7 {[%emt 0:00:03]} 50. Rxe7 {[%emt 0:00:08]} Kxe7 {[%emt 0:
00:02]} 51. h5 {[%emt 0:00:10]} 1-0

[Event "2019 Welsh Chess Championship"]
[Site "Cardiff"]
[Date "2019.04.20"]
[Round "3.8"]
[White "Davis, Lee"]
[Black "Young, Alan"]
[Result "1/2-1/2"]
[WhiteElo "1922"]
[BlackElo "2021"]
[PlyCount "67"]
[EventDate "2019.04.19"]
[EventType "swiss"]
[EventRounds "7"]
[EventCountry "WLS"]

1. d4 {[%emt 0:00:01]} d5 {[%emt 0:00:46]} 2. g3 {[%emt 0:00:04]} Nf6 {[%emt 0:
00:22]} 3. Bg2 {[%emt 0:00:04]} e6 {[%emt 0:00:33]} 4. Nf3 {[%emt 0:00:05]} c5
{[%emt 0:00:32]} 5. O-O {[%emt 0:00:07]} Nc6 {[%emt 0:00:26]} 6. c4 {[%emt 0:
00:08]} Be7 {[%emt 0:00:30]} 7. Nc3 {[%emt 0:00:32]} O-O {[%emt 0:00:55]} 8.
cxd5 {[%emt 0:00:06]} exd5 {[%emt 0:00:36]} 9. Bg5 {[%emt 0:00:08]} cxd4 {
[%emt 0:00:52]} 10. Nxd4 {[%emt 0:00:28]} h6 {[%emt 0:00:26]} 11. Be3 {[%emt 0:
12:56]} Re8 {[%emt 0:02:07]} 12. h3 {[%emt 0:00:51]} Bf8 {[%emt 0:11:48]} 13.
Nxc6 {[%emt 0:09:05]} bxc6 {[%emt 0:00:08]} 14. Bd4 {[%emt 0:05:26]} Bf5 {
[%emt 0:17:55]} 15. Rc1 {[%emt 0:01:53]} Qd6 {[%emt 0:13:26]} 16. Re1 {[%emt 0:
04:43]} Ne4 {[%emt 0:11:10]} 17. Nxe4 {[%emt 0:01:40]} Bxe4 {[%emt 0:00:10]}
18. Bc5 {[%emt 0:01:33]} Qg6 {[%emt 0:06:52]} 19. Bxf8 {[%emt 0:00:10]} Kxf8 {
[%emt 0:01:44]} 20. Qa4 {[%emt 0:00:29]} Re6 {[%emt 0:08:30]} 21. Bxe4 {
[%emt 0:09:39]} dxe4 {[%emt 0:02:44]} 22. e3 {[%emt 0:00:22]} h5 {[%emt 0:01:
26]} 23. h4 {[%emt 0:00:31]} Rd8 {[%emt 0:04:40]} 24. Red1 {[%emt 0:02:23]}
Red6 {[%emt 0:01:03]} 25. Rxd6 {[%emt 0:01:46]} Rxd6 {[%emt 0:00:21]} 26. Qxa7
{[%emt 0:03:26]} Kg8 {[%emt 0:00:33]} 27. Qa4 {[%emt 0:01:18]} Kh7 {[%emt 0:02:
33]} 28. Rd1 {[%emt 0:01:00]} Rd3 {[%emt 0:00:44]} 29. Kf1 {[%emt 0:08:23]} Qf5
{[%emt 0:02:30]} 30. Rxd3 {[%emt 0:07:10]} exd3 {[%emt 0:00:05]} 31. Qf4 {
[%emt 0:00:38]} Qd5 {[%emt 0:04:20]} 32. e4 {[%emt 0:01:46]} Qxa2 {[%emt 0:03:
55]} 33. Qc1 {[%emt 0:00:24]} Qb3 {[%emt 0:01:15]} 34. Ke1 {[%emt 0:00:57]}
1/2-1/2

[Event "2019 Welsh Chess Championship"]
[Site "Cardiff"]
[Date "2019.04.20"]
[Round "3.9"]
[White "Fathallah, Joe"]
[Black "Turner, Joseph David"]
[Result "1/2-1/2"]
[WhiteElo "1958"]
[BlackElo "1846"]
[PlyCount "85"]
[EventDate "2019.04.19"]
[EventType "swiss"]
[EventRounds "7"]
[EventCountry "WLS"]

1. d4 {[%emt 0:05:47]} Nf6 {[%emt 0:00:05]} 2. c4 {[%emt 0:00:08]} g6 {[%emt 0:
00:05]} 3. Nc3 {[%emt 0:00:06]} Bg7 {[%emt 0:00:13]} 4. e4 {[%emt 0:00:04]} d6
{[%emt 0:00:20]} 5. f3 {[%emt 0:00:06]} b6 {[%emt 0:00:12]} 6. Be3 {[%emt 0:01:
04]} Nbd7 {[%emt 0:02:43]} 7. Bd3 {[%emt 0:01:49]} c5 {[%emt 0:00:59]} 8. Nge2
{[%emt 0:01:01]} a6 {[%emt 0:10:11]} 9. Qd2 {[%emt 0:00:59]} h5 {[%emt 0:02:04]
} 10. O-O {[%emt 0:01:28]} cxd4 {[%emt 0:05:28]} 11. Nxd4 {[%emt 0:01:23]} Ne5
{[%emt 0:01:32]} 12. Nd5 {[%emt 0:07:43]} Nxd5 {[%emt 0:17:29]} 13. cxd5 {
[%emt 0:00:41]} Bb7 {[%emt 0:11:38]} 14. f4 {[%emt 0:13:59]} Ng4 {[%emt 0:09:
53]} 15. f5 {[%emt 0:01:44]} g5 {[%emt 0:12:07]} 16. Rac1 {[%emt 0:04:55]} Be5
{[%emt 0:02:21]} 17. Nc6 {[%emt 0:01:29]} Bxh2+ {[%emt 0:06:04]} 18. Kh1 {
[%emt 0:00:09]} Bxc6 {[%emt 0:09:01]} 19. Rxc6 {[%emt 0:00:28]} Nxe3 {[%emt 0:
01:00]} 20. Qxe3 {[%emt 0:00:16]} Bf4 {[%emt 0:00:20]} 21. Qxb6 {[%emt 0:01:43]
} O-O {[%emt 0:03:35]} 22. Qxd8 {[%emt 0:04:30]} Rfxd8 {[%emt 0:00:09]} 23.
Bxa6 {[%emt 0:01:40]} Rdb8 {[%emt 0:00:42]} 24. Rf2 {[%emt 0:08:36]} Kg7 {
[%emt 0:02:07]} 25. b3 {[%emt 0:04:43]} h4 {[%emt 0:00:55]} 26. Bc4 {[%emt 0:
02:09]} Kf6 {[%emt 0:00:37]} 27. Ra6 {[%emt 0:01:57]} Rxa6 {[%emt 0:00:18]} 28.
Bxa6 {[%emt 0:00:02]} Ke5 {[%emt 0:00:24]} 29. Bc4 {[%emt 0:06:18]} Kxe4 {
[%emt 0:00:45]} 30. Re2+ {[%emt 0:01:34]} Be3 {[%emt 0:00:45]} 31. a4 {[%emt 0:
02:56]} g4 {[%emt 0:00:17]} 32. a5 {[%emt 0:02:15]} Kf4 {[%emt 0:00:33]} 33. a6
{[%emt 0:01:41]} f6 {[%emt 0:00:45]} 34. Kh2 {[%emt 0:15:07]} Bd4 {[%emt 0:00:
50]} 35. Bd3 {[%emt 0:05:06]} Be5 {[%emt 0:00:20]} 36. Bc2 {[%emt 0:01:14]} Ra8
{[%emt 0:00:19]} 37. Bd3 {[%emt 0:00:15]} Kg5+ {[%emt 0:00:12]} 38. Kg1 {
[%emt 0:00:14]} Bd4+ {[%emt 0:00:12]} 39. Kh1 {[%emt 0:01:03]} Rc8 {[%emt 0:00:
16]} 40. Bc4 {[%emt 0:00:38]} Rc7 {[%emt 0:00:34]} 41. Rc2 {[%emt 0:03:16]} Bc5
{[%emt 0:00:46]} 42. Bd3 {[%emt 0:00:46]} Ra7 {[%emt 0:00:14]} 43. Re2 {
[%emt 0:01:55]} 1/2-1/2